| 000 | 00511cam a2200193ua 4500 | ||
|---|---|---|---|
| 020 |
_a81-7024-241-X _c300.00 |
||
| 041 |
_aeng _h |
||
| 082 |
_a551.49 _bGAU/EV |
||
| 100 | _aGautam , Mahajan . | ||
| 245 |
_aEvaluation and development of ground water / _cGautam Mahajan. _hTextual Documents |
||
| 250 |
_a1 / _b. |
||
| 260 |
_aNew Delhi : _bAshish Publishing House , _c1989. |
||
| 300 | _a317 ; . | ||
| 365 | _a300.00 | ||
| 504 | _a | ||
| 942 | _cBK | ||
| 999 |
_c9602 _d9602 |
||